000 00617nam a2200229 4500
001 2166
003 BD-RjUL
005 20211208233509.0
008 131210s1968 nyua 000 0 eng d
035 _a(BD-RjUL)2193
040 _aDLC
_cDLC
_dDLC
_dBD-RjUL
_beng
041 _aeng
082 0 0 _a152.3224
_bBAS 1968
100 1 _aBarlow, John A.
_97096
245 1 0 _aStimulus and response
_cby John A. Barlow.
260 _aNew York :
_bHarper & Row,
_c1968.
300 _axviii, 199 p. :
_billus.;
_c21 cm.
650 0 _aConditioned response.
_97097
942 _2ddc
_cBK
999 _c2166
_d2166